| 000 | 00744nam a2200217Ia 4500 | ||
|---|---|---|---|
| 003 | GCL | ||
| 008 | 140319s9999 xx 000 0 ara d | ||
| 040 |
_aGCL / _cGCL |
||
| 082 | 0 | 4 |
_a956.502 _bس ت |
| 100 | 1 | _aلونغريغ، ستيفن هاملى | |
| 245 | 1 | 0 |
_aتاريخ سوريا ولبنان تحت الانتداب الفرنسى / _cلونغريغ، ستيفن هاملى |
| 260 |
_a[S.N] : _bدار الحقيقة للطباعة والنشر ، _c1978 |
||
| 300 | _a462 ص | ||
| 490 | _a | ||
| 650 | 0 | 4 | _aالعصر الحديث |
| 650 | 0 | 4 | _aسوريا |
| 650 | 0 | 4 | _aلبنان |
| 650 | 0 | 4 | _aالاستعمار الفرنسى(1946-1920) |
| 650 | 0 | 4 | _aالاستعمار فى البلاد العربية |
| 942 |
_2ddc _cBK |
||
| 999 |
_c40971 _d40971 |
||